Кривошипно-шатунный механизм. Аналитические методы построения траекторий и определения главных размеров

Bibliografiset tiedot
Päätekijä: Конвисаров Д. В.
Kieli:venäjä
Julkaistu: Свердловск, Машгиз, 1948
Aiheet:
Aineistotyyppi: Kirja
KOHA link:https://koha.lib.tpu.ru/cgi-bin/koha/opac-detail.pl?biblionumber=319418

MARC

LEADER 00000nam0a2200000 4500
001 319418
005 20231102003158.0
035 |a (RuTPU)RU\TPU\book\344927 
090 |a 319418 
100 |a 20160531d1948 km y0rusy50 ca 
101 0 |a rus 
102 |a RU 
105 |a a z 000zy 
200 1 |a Кривошипно-шатунный механизм. Аналитические методы построения траекторий и определения главных размеров  |f Д. В. Конвисаров 
210 |a Свердловск  |a Москва  |c Машгиз  |d 1948 
215 |a 54 с.  |c ил. 
606 1 |a Кривошипно-шатунные механизмы  |x Расчет  |2 stltpush  |3 (RuTPU)RU\TPU\subj\16249  |9 42384 
610 1 |a размеры 
610 1 |a определение 
610 1 |a точки 
610 1 |a траектории 
610 1 |a прямолинейные шатуны 
610 1 |a кривые 
610 1 |a построение 
610 1 |a ползуны 
675 |a 621.837  |v 4 
700 1 |a Конвисаров  |b Д. В. 
801 1 |a RU  |b 63413507  |c 20160531 
801 2 |a RU  |b 63413507  |c 20200327  |g RCR 
942 |c BK